| 000 | 00924cab a2200265 4500 | ||
|---|---|---|---|
| 001 | ABS45725 | ||
| 008 | 090401t1992 xxu||||| |||| 00| 0 eng d | ||
| 035 | _a(Sirsi) u54768 | ||
| 041 | _aeng | ||
| 100 | _aDawson, J. | ||
| 245 | _aEuropean city networks: experiments in trans-national urban collaboration | ||
| 260 | _c1992 | ||
| 350 | _a0 | ||
| 490 |
_aThe Planner _v78(1) 10 January 1992, 7-9(3) |
||
| 520 | _aExplores the common aspects of a wide variety of networks linking European cities: economic, promotional, technical and regional. The nature of co-operation is stressed, effectivness analysed, and examples given. | ||
| 650 | _aCOMMISSION DES VILLES | ||
| 650 | _aEUROCITIES | ||
| 650 | _aEUROPE | ||
| 650 | _aNETWORK OF REGIONAL DEVELOPMENT AGENCIES | ||
| 650 | _aREGIONAL DEVELOPMENT | ||
| 690 | _aECONOMIC AND SOCIAL | ||
| 690 | _aEUROPE-SINGLE MARKET | ||
| 942 | _n0 | ||
| 948 | _c04/03/1997 | ||
| 999 |
_c33569 _d33569 |
||